| 000 | 00701nam a22001337a 4500 | ||
|---|---|---|---|
| 040 | _cRUA | ||
| 082 | _aLMA REN 2017 B652 Or.1 | ||
| 100 | _aREN SIEVMEY រ៉ែន សៀវមុី | ||
| 245 | _astudy on force driving of land market change in kompong bay commune, kampot district, kampot province សិក្សារពីកត្តាប្រែប្រួលទីផ្សារដីធ្លី នៅសង្កាត់កំពង់បាយ ក្រុងកំពត ខេត្តកំពត | ||
| 260 |
_aRUA _bPhnom penh _c2017 |
||
| 300 |
_aix;33p _bill; _c29cm |
||
| 856 | _uhttps://drive.google.com/file/d/1RkjV8823gbgdptrQqTqWGIqxHW3KvBJX/view?usp=sharing | ||
| 942 | _cLMA | ||
| 999 |
_c18453 _d18453 |
||